Największy i najbardziej w Europie - Statystyki

Ogólne statystyki
  • Ten quiz został rozwiązany 1 093 razy
  • Średni wynik to 41 z 60
Statystyki odpowiedzi
Kkkkkk % Poprawnych
Kraj w rozmiarze Rosja
98%
Ludność kraju Rosja
98%
Kraj w rozmiarze Francja
97%
Ludność kraju Francja
97%
Najczęściej odwiedzany kraj Francja
97%
Kraj w rozmiarze Hiszpania
94%
Najczęściej odwiedzany kraj Hiszpania
94%
Największe bezrobocie Hiszpania
94%
Ludność kraju Niemcy
94%
Najczęściej odwiedzany kraj Niemcy
94%
Kraj w rozmiarze Ukraina
92%
Kraj w rozmiarze Szwecja
91%
Najwyższy podatek Szwecja
91%
Najczęściej odwiedzane miasto Paryz
87%
Ludność kraju Wlochy
84%
Najczęściej odwiedzany kraj Wlochy
84%
Największy dług Wlochy
84%
Najwyższy PKB / mieszkańca Norwegia
83%
Najbardziej szczęśliwy Norwegia
83%
Ludność kraju Wielka Brytania
82%
Najczęściej odwiedzany kraj Wielka Brytania
82%
Stolica Londyn
81%
Najczęściej odwiedzane miasto Londyn
81%
Stolica Moskwa
81%
Stolica Madryt
79%
Stolica Berlin
78%
Najbardziej szczęśliwy Finlandia
75%
Najwyższy PKB / mieszkańca Luksemburg
70%
Najwyższy PKB / mieszkańca Monako
69%
Gęsto zaludniony Monako
69%
Najwyższy PKB / mieszkańca Szwajcaria
68%
Największe bezrobocie Grecja
67%
Największy dług Grecja
67%
Najwyższy PKB / mieszkańca Liechtenstein
67%
Gęsto zaludniony Watykan
65%
Miasto (nie stolica) Barcelona
64%
Najczęściej odwiedzane miasto Barcelona
64%
Gęsto zaludniony Holandia
62%
Najwyższy podatek Holandia
62%
Najbardziej szczęśliwy Holandia
62%
Najwyższy podatek Belgia
61%
Gęsto zaludniony San Marino
61%
Najwyższy podatek Dania
59%
Najbardziej szczęśliwy Dania
59%
Największy dług Portugalia
57%
Największy dług Islandia
56%
Najbardziej szczęśliwy Islandia
56%
Największe bezrobocie Serbia
53%
Największy dług Irlandia
51%
Najwyższy podatek Austria
49%
Gęsto zaludniony Malta
44%
Miasto (nie stolica) Petersburg
44%
Najczęściej odwiedzane miasto Mediolan
40%
Największe bezrobocie Bośnia i Hercegowina
39%
Największe bezrobocie Macedonia Północna
39%
Miasto (nie stolica) Hamburg
35%
Stolica Ateny
31%
Najczęściej odwiedzane miasto Amsterdam
25%
Miasto (nie stolica) Charków
14%
Miasto (nie stolica) Nowosybirsk
3%
Nie znaleziono quizów pasujących do podanych kryteriów
Rozkład punktacji
Procent ludzi z każdym wynikiem
Percentyl według liczby udzielonych odpowiedzi
Twoja historia wyników
Nie rozwiązałeś tego quizu